|
|
|
|
| LEADER |
00889cam a2200253 7i4500 |
| 001 |
0000035922 |
| 005 |
20190320090000.0 |
| 007 |
##ta |
| 008 |
190320t20182018fr ab b 0 eng |
| 020 |
# |
# |
|a 9789264256460
|
| 040 |
# |
# |
|a MATR
|
| 090 |
0 |
0 |
|a AFRI 338.5443
|b AFR
|
| 245 |
0 |
0 |
|a African Economic Outlook 2018.
|
| 264 |
# |
4 |
|a ♭2018.
|
| 264 |
# |
1 |
|a Paris:
|b African Development Bank:
|b Organisation for Economic Co-operation and Development:
|b United Nations Development Programme,
|c 2018.
|
| 300 |
# |
# |
|a 180 pages:
|b illustrations;
|c 30 cm.
|
| 336 |
# |
# |
|a text
|2 rdacontent
|
| 337 |
# |
# |
|a unmediated
|2 rdamedia
|
| 338 |
# |
# |
|a volume
|2 rdacarrier
|
| 504 |
# |
# |
|a Includes bibliographical references
|
| 651 |
# |
0 |
|a Africa --
|x Economic conditions
|
| 651 |
# |
0 |
|a Africa --
|x Economic policy
|
| 651 |
# |
0 |
|a Africa --
|x Economic conditions
|
| 999 |
|
|
|a 0000040409
|b Book
|c Regions
|e Business Information Centre
|